| 000 | 00711cam a2200217 a 4500 | ||
|---|---|---|---|
| 001 | 000014619 | ||
| 005 | 20240513203638.0 | ||
| 008 | 760818s1970 ck a b 000 0 spa | ||
| 040 |
_aDO-SdBNP _bspa _cBNPHU |
||
| 082 |
_a303.4 _bB517d |
||
| 100 | 1 |
_aBernal Jiménez, Rafael, _d1898-1974. _933116 |
|
| 245 | 1 | 0 |
_aDinámica del cambio social / _cRafael Bernal Jiménez. |
| 260 |
_aTunja : _bDepartamental de Boyaca, _c[1970]. |
||
| 300 |
_av. : _bil. ; _c24 cm. |
||
| 500 | _aIncluye notas bibliográficas | ||
| 590 | _aLa biblioteca posee el volumen uno. | ||
| 650 | 0 |
_aCambio social _91661 |
|
| 650 | 0 |
_aHistoria social _978961 |
|
| 651 | 4 |
_aAmérica Latina _xCondiciones Sociales _95034 |
|
| 910 | _aEn proceso | ||
| 999 |
_c14204 _d14204 |
||